[Event "Isle of Man Open"]
[Site "Douglas"]
[Date "28.10.2018"]
[Round "9.3"]
[White "Grischuk, Alexander"]
[Black "Vachier-Lagrave, Maxime"]
[Result "1-0"]
[WhiteTitle "GM"]
[BlackTitle "GM"]
[WhiteElo "2769"]
[BlackElo "2780"]
[WhiteFideId "4126025"]
[BlackFideId "623539"]
[EventDate "2018.10.20"]

1. e4 c5 2. Nf3 d6 3. d4 cxd4 4. Nxd4 Nf6 5. Nc3 a6 6. Bg5 e6 7. f4 Qb6 8. Nb3
Nbd7 9. Qe2 Qc7 10. O-O-O b5 11. a3 Be7 12. g4 h6 13. Bh4 Rb8 14. Be1 g5 15. f5
Ne5 16. h4 Nfxg4 17. hxg5 Bxg5+ 18. Bd2 Bf6 19. Rh5 Rg8 20. Bh3 Qc4 21. Bxg4
Nxg4 22. Qxc4 bxc4 23. Na5 Ne5 24. Bf4 Rg4 25. Bxe5 dxe5 26. Kb1 Rh4 27. Rxh4
Bxh4 28. Nxc4 Kf8 29. fxe6 Bxe6 30. Nxe5 Bf6 31. Nc6 Rc8 32. Nd5 Rxc6 33. Nxf6
Kg7 34. Ne8+ Kf8 35. Nf6 Kg7 36. Nd5 h5 37. b3 Bg4 38. Rg1 Re6 39. Nf4 Rxe4 40.
Nxh5+ Kg6 41. Ng3 Re3 42. Nh1 Kh5 43. Kc1 f5 44. Nf2 Re2 45. Nd3 Kg5 46. Rf1 Re4
47. Kd2 Re2+ 48. Kc3 Re4 49. Kd2 Re2+ 50. Kc3 Re4 51. Rg1 Re2 52. b4 f4 53. a4
f3 54. b5 axb5 55. axb5 Kh4 56. b6 Re8 57. Rh1+ Kg3 58. Rg1+ Kh4 59. Kd4 Bf5 60.
b7 Bxd3 61. cxd3 f2 62. Rf1 Kg3 63. Kc5 Kg2 64. Rb1 1-0

[Event "Isle of Man Open"]
[Site "Douglas"]
[Date "28.10.2018"]
[Round "9.5"]
[White "Sethuraman, S.P."]
[Black "Giri, Anish"]
[Result "1/2-1/2"]
[WhiteTitle "GM"]
[BlackTitle "GM"]
[WhiteElo "2673"]
[BlackElo "2780"]
[WhiteFideId "5021596"]
[BlackFideId "24116068"]
[EventDate "2018.10.20"]

1. e4 e5 2. Nf3 Nc6 3. Bb5 Nf6 4. d3 Bc5 5. c3 O-O 6. O-O d5 7. Nbd2 dxe4 8.
dxe4 a5 9. Bxc6 bxc6 10. Nxe5 Re8 11. Nb3 Qxd1 12. Rxd1 Bb6 13. Nc4 Nxe4 14.
Nxb6 cxb6 15. f3 Nf6 16. Bg5 Nh5 17. Kf2 Ba6 18. Be3 f5 19. Rd6 a4 20. Nd4 f4
21. Bd2 Rad8 22. Re1 Rxd6 23. Rxe8+ Kf7 24. Ra8 Bd3 25. Rxa4 c5 26. Ra7+ Kf6 27.
Ne2 g5 28. b3 Kg6 29. g4 fxg3+ 30. Nxg3 Re6 31. Rd7 c4 32. bxc4 Bxc4 33. Nxh5
Kxh5 34. Be3 h6 35. a4 Bb3 36. Rb7 Bxa4 37. Rxb6 Rxb6 38. Bxb6 Kg6 39. Ke3 Kf5
40. Bc7 Bb3 41. Kd4 Bd1 42. Ke3 Bb3 43. Kd4 Bd1 1/2-1/2

[Event "Isle of Man Open"]
[Site "Douglas"]
[Date "28.10.2018"]
[Round "9.8"]
[White "Fridman, Daniel"]
[Black "Karjakin, Sergey"]
[Result "1/2-1/2"]
[WhiteTitle "GM"]
[BlackTitle "GM"]
[WhiteElo "2600"]
[BlackElo "2760"]
[WhiteFideId "11600454"]
[BlackFideId "14109603"]
[EventDate "2018.10.20"]

1. d4 Nf6 2. c4 e6 3. Nc3 Bb4 4. Qc2 d5 5. a3 Bxc3+ 6. Qxc3 O-O 7. Nf3 dxc4 8.
Qxc4 b6 9. Bg5 Bb7 10. Rd1 Nbd7 11. Ne5 h6 12. Bh4 Bd5 13. Qc2 c5 14. Nxd7 Qxd7
15. Bxf6 gxf6 16. dxc5 Qc6 17. f3 Qxc5 18. Qxc5 bxc5 19. e4 Bb3 20. Rc1 Rfd8 21.
Be2 c4 22. Rf1 Rd4 23. Bd1 Rad8 24. Bxb3 cxb3 25. Rf2 a5 26. Re2 a4 27. Kf2 Kg7
28. Rc5 e5 29. g4 Rd1 30. h4 R8d4 31. h5 Rh1 32. Kg3 Rg1+ 33. Kh2 Rf1 1/2-1/2

[Event "Isle of Man Open"]
[Site "Douglas"]
[Date "28.10.2018"]
[Round "9.9"]
[White "Rapport, Richard"]
[Black "Leko, Peter"]
[Result "1/2-1/2"]
[WhiteTitle "GM"]
[BlackTitle "GM"]
[WhiteElo "2725"]
[BlackElo "2690"]
[WhiteFideId "738590"]
[BlackFideId "703303"]
[EventDate "2018.10.20"]

1. e4 e5 2. Bc4 Nf6 3. d3 Nc6 4. Nc3 Na5 5. Bb3 Bb4 6. Ne2 O-O 7. O-O Nxb3 8.
axb3 d5 9. Bg5 dxe4 10. Nxe4 Be7 11. Nxf6+ Bxf6 12. Bxf6 Qxf6 13. Qd2 b6 14. Qc3
Qd6 15. Ng3 f6 16. b4 Bb7 17. Nf5 Qd7 18. Ne3 a6 19. Rfd1 Rad8 20. Rd2 Rfe8 21.
Rad1 Qc6 22. Qb3+ Kf8 23. Qa3 Kg8 24. Qb3+ Kf8 25. f3 Qe6 26. Qc3 Re7 27. Qc4
Qxc4 28. Nxc4 Red7 29. Kf2 Kf7 30. Ne3 Bc6 1/2-1/2

[Event "Isle of Man Open"]
[Site "Douglas"]
[Date "28.10.2018"]
[Round "9.10"]
[White "Adams, Michael"]
[Black "Adhiban, Baskaran"]
[Result "0-1"]
[WhiteTitle "GM"]
[BlackTitle "GM"]
[WhiteElo "2712"]
[BlackElo "2668"]
[WhiteFideId "400041"]
[BlackFideId "5018471"]
[EventDate "2018.10.20"]

1. e4 c5 2. Nf3 Nc6 3. Bb5 e6 4. O-O Nge7 5. d4 cxd4 6. Nxd4 Qb6 7. Nxc6 bxc6 8.
Bd3 Ng6 9. c4 Bc5 10. Nc3 Qc7 11. Kh1 e5 12. Na4 Bd4 13. c5 d6 14. Be3 dxc5 15.
Nxc5 Bxb2 16. Rb1 Bd4 17. Bxd4 exd4 18. Bc4 Qd6 19. Nd3 O-O 20. f4 Be6 21. Qc2
Rab8 22. Rbe1 Bxc4 23. Qxc4 c5 24. e5 Qe6 25. Rc1 Rfc8 26. Qxe6 fxe6 27. Rc4 Ne7
28. g3 Nd5 29. Rfc1 h5 30. Rxc5 Rxc5 31. Rxc5 Rb1+ 32. Rc1 Rb6 33. Kg1 Nc3 34.
Rc2 a5 35. Kf2 a4 36. Ke1 a3 37. Kd2 Rb1 38. Nc1 Rb2 39. Nb3 Rxb3 40. axb3 a2
41. Rxa2 Nxa2 42. Kd3 Nc1+ 43. Kc2 Na2 44. Kd3 Nb4+ 45. Kxd4 Kf7 46. Kc5 Nd3+
47. Kd4 Nb2 48. h3 g6 49. g4 h4 50. b4 Ke7 51. b5 Na4 52. Kc4 Kd7 53. Kd4 Nb6
54. Ke4 Nd5 55. f5 g5 56. f6 Nc3+ 0-1

[Event "Isle of Man Open"]
[Site "Douglas"]
[Date "28.10.2018"]
[Round "9.11"]
[White "Vidit, Santosh Gujrathi"]
[Black "Melkumyan, Hrant"]
[Result "1/2-1/2"]
[WhiteTitle "GM"]
[BlackTitle "GM"]
[WhiteElo "2711"]
[BlackElo "2660"]
[WhiteFideId "5029465"]
[BlackFideId "13302485"]
[EventDate "2018.10.20"]

1. d4 Nf6 2. c4 e6 3. Nf3 d5 4. g3 dxc4 5. Bg2 Bb4+ 6. Bd2 a5 7. Qc2 c5 8. a3
Bxd2+ 9. Nbxd2 cxd4 10. Nxc4 O-O 11. Rd1 Nc6 12. O-O Rb8 13. Rd2 Re8 14. Nfe5
Bd7 15. Rfd1 Qc7 16. Nxc6 Bxc6 17. Bxc6 Qxc6 18. Rxd4 b5 19. Ne3 Qxc2 20. Nxc2
Nd5 21. Kg2 Rec8 22. R1d2 Nb6 23. Ne3 h5 24. Re4 g6 25. Re5 Nc4 26. Nxc4 Rxc4
27. Rd3 a4 28. b3 axb3 29. Rxb3 Ra4 30. Rexb5 Rxb5 1/2-1/2

[Event "Isle of Man Open"]
[Site "Douglas"]
[Date "28.10.2018"]
[Round "9.12"]
[White "Artemiev, Vladislav"]
[Black "Parligras, Mircea-Emilian"]
[Result "1/2-1/2"]
[WhiteTitle "GM"]
[BlackTitle "GM"]
[WhiteElo "2706"]
[BlackElo "2623"]
[WhiteFideId "24101605"]
[BlackFideId "1204297"]
[EventDate "2018.10.20"]

1. Nf3 d5 2. e3 Nf6 3. c4 e6 4. Nc3 c5 5. cxd5 exd5 6. Bb5+ Bd7 7. Bxd7+ Qxd7 8.
Ne5 Qc7 9. d4 Nc6 10. O-O Be7 11. Nxc6 bxc6 12. dxc5 Bxc5 13. e4 dxe4 14. Bg5
Be7 15. Re1 O-O 16. Qe2 Rab8 17. Rac1 Qe5 18. Bh4 Bd6 19. Bg3 Qe6 20. Bxd6 Qxd6
21. Nxe4 Nxe4 22. Qxe4 Rxb2 23. Qxc6 Qxc6 24. Rxc6 Rxa2 25. g3 g6 26. Re7 a5 27.
Ra6 Kg7 28. Re5 Rd8 29. Rexa5 Rxa5 30. Rxa5 h5 1/2-1/2

[Event "Isle of Man Open"]
[Site "Douglas"]
[Date "28.10.2018"]
[Round "9.13"]
[White "Aronian, Levon"]
[Black "Deac, Bogdan-Daniel"]
[Result "1/2-1/2"]
[WhiteTitle "GM"]
[BlackTitle "GM"]
[WhiteElo "2780"]
[BlackElo "2594"]
[WhiteFideId "13300474"]
[BlackFideId "1226380"]
[EventDate "2018.10.20"]

1. d4 Nf6 2. c4 e6 3. Nf3 d5 4. Nc3 Bb4 5. cxd5 exd5 6. Bg5 h6 7. Bh4 O-O 8. e3
Bf5 9. Qb3 Bxc3+ 10. Qxc3 Nbd7 11. Qa3 c6 12. Be2 Qb6 13. Nd2 a5 14. O-O Rfe8
15. Rfe1 Ne4 16. Nf1 g5 17. Ng3 Be6 18. Nxe4 dxe4 19. Bg3 Qb4 20. f3 Bd5 21. f4
Qxa3 22. bxa3 a4 23. fxg5 hxg5 24. Rf1 Be6 25. Rab1 b5 26. Rbc1 Rac8 27. h4 gxh4
28. Bxh4 Nb6 29. Rc5 Nd5 30. Kf2 Kg7 31. Rfc1 Bd7 32. Rh1 Be6 33. Bg3 Rh8 34.
Rhc1 1/2-1/2

[Event "Isle of Man Open"]
[Site "Douglas"]
[Date "28.10.2018"]
[Round "9.14"]
[White "Nihal, Sarin"]
[Black "So, Wesley"]
[Result "1/2-1/2"]
[WhiteTitle "IM"]
[BlackTitle "GM"]
[WhiteElo "2572"]
[BlackElo "2776"]
[WhiteFideId "25092340"]
[BlackFideId "5202213"]
[EventDate "2018.10.20"]

1. d4 Nf6 2. c4 e6 3. Nf3 d5 4. Nc3 Bb4 5. Bg5 dxc4 6. e4 h6 7. Bxf6 Qxf6 8.
Bxc4 c5 9. O-O O-O 10. e5 Qd8 11. Ne4 cxd4 12. Qe2 Be7 13. Rad1 Qc7 14. Ng3 Bd7
15. Rxd4 Bc6 16. Rg4 Bxf3 17. gxf3 Nc6 18. Re1 Rad8 19. Qe3 Bg5 20. f4 Nxe5 21.
Qxe5 Qxc4 22. Nh5 Qd4 23. Qxg7+ Qxg7 24. Nxg7 Rd4 25. Nh5 Kh7 26. h3 Bd8 27. f5
Rxg4+ 28. hxg4 exf5 29. gxf5 Rg8+ 30. Kf1 Rg5 31. Ng3 h5 32. Rd1 Bb6 33. Rd7 Kg7
34. Ne4 Rxf5 35. Kg2 Re5 36. f3 Kg6 37. Rxb7 f5 38. Nc3 Re1 39. Kg3 Rg1+ 40. Kh2
Rf1 41. Nd5 Bd4 42. Nf4+ Kh6 43. Rc7 h4 44. Rc6+ Kh7 45. Rc7+ Kg8 46. Ng6 Rf2+
47. Kh3 Rxf3+ 48. Kh2 h3 49. Ne7+ Kf8 50. Ng6+ Ke8 51. Rh7 f4 52. Nh4 Rd3 53.
Nf5 Bc5 54. b4 Bxb4 55. Rxa7 Kf8 56. Ra4 Bc3 57. Ra3 Kg8 58. Ne7+ Kg7 59. Nd5 f3
60. Kxh3 Rxd5 61. Rxc3 Rf5 62. Rc1 1/2-1/2

[Event "Isle of Man Open"]
[Site "Douglas"]
[Date "28.10.2018"]
[Round "9.15"]
[White "Praggnanandhaa, R"]
[Black "Le, Quang Liem"]
[Result "0-1"]
[WhiteTitle "GM"]
[BlackTitle "GM"]
[WhiteElo "2519"]
[BlackElo "2715"]
[WhiteFideId "25059530"]
[BlackFideId "12401137"]
[EventDate "2018.10.20"]

1. e4 c6 2. d4 d5 3. e5 Bf5 4. h4 h6 5. Nc3 e6 6. g4 Bh7 7. Nf3 c5 8. Be3 Nd7 9.
dxc5 Bxc5 10. Bxc5 Nxc5 11. Nd4 a6 12. Qd2 Ne7 13. h5 Rc8 14. Bg2 Nc6 15. Nxc6
Rxc6 16. O-O Nd7 17. Qe2 O-O 18. Kh1 Qb6 19. Rab1 d4 20. Ne4 Nxe5 21. g5 Qd8 22.
Ng3 Qxg5 23. Bxc6 d3 24. Qe3 dxc2 25. Rbc1 bxc6 26. f4 Qh4+ 27. Kg2 Ng4 28. Qe2
Nf6 29. Qf3 Rd8 30. Rfe1 Rd2+ 31. Re2 Rxe2+ 32. Qxe2 Qxf4 33. Qxa6 Be4+ 34. Nxe4
Qxe4+ 0-1

[Event "Isle of Man Open"]
[Site "Douglas"]
[Date "28.10.2018"]
[Round "9.16"]
[White "Gukesh, D"]
[Black "Almasi, Zoltan"]
[Result "0-1"]
[WhiteTitle "IM"]
[BlackTitle "GM"]
[WhiteElo "2456"]
[BlackElo "2702"]
[WhiteFideId "46616543"]
[BlackFideId "702293"]
[EventDate "2018.10.20"]

1. d4 Nf6 2. Nf3 g6 3. g3 c5 4. c3 b6 5. Bg5 Bg7 6. Bxf6 Bxf6 7. d5 b5 8. e4 b4
9. e5 Bg7 10. Bc4 O-O 11. O-O Qa5 12. e6 Ba6 13. Qe2 fxe6 14. dxe6 d5 15. Bxa6
Qxa6 16. Qe3 bxc3 17. bxc3 d4 18. cxd4 Nc6 19. Nbd2 Nxd4 20. Rad1 Rad8 21. a3
Rd6 22. Ng5 Ne2+ 23. Kh1 Nc3 24. Rc1 Bd4 25. Qe1 h6 26. Nge4 Rxe6 27. f3 Re5 28.
Kg2 Qd3 29. a4 a5 30. g4 Kg7 31. h4 Rf7 32. h5 g5 33. Kg3 Rf4 34. Kg2 Nxe4 35.
Nxe4 Rexe4 0-1

[Event "Isle of Man Open"]
[Site "Douglas"]
[Date "28.10.2018"]
[Round "9.17"]
[White "Nabaty, Tamir"]
[Black "Huschenbeth, Niclas"]
[Result "1/2-1/2"]
[WhiteTitle "GM"]
[BlackTitle "GM"]
[WhiteElo "2692"]
[BlackElo "2589"]
[WhiteFideId "2809052"]
[BlackFideId "24604747"]
[EventDate "2018.10.20"]

1. d4 d5 2. c4 e6 3. Nc3 Nf6 4. Bg5 dxc4 5. e3 c5 6. Nf3 cxd4 7. Nxd4 Qc7 8.
Ndb5 Qc5 9. Qd4 Qxd4 10. exd4 Na6 11. Bxc4 Be7 12. O-O O-O 13. Rfe1 Bd7 14. d5
Bxb5 15. Nxb5 Nxd5 16. Bxd5 Bxg5 17. Bxb7 Rab8 18. Bxa6 Rb6 19. Nxa7 Rxa6 20.
Nb5 Bf6 21. Reb1 Ra4 22. Nc3 Bxc3 23. bxc3 Ra3 24. Rb3 Rfa8 25. Rxa3 Rxa3 26.
Kf1 Kf8 27. Ke2 Rxc3 28. a4 Ke7 29. a5 Rc7 30. a6 Ra7 31. Kd3 Kd6 32. f4 Kc5 33.
Ke4 f6 34. g4 Kb6 35. Kd4 Rd7+ 36. Kc4 Ka7 37. h3 e5 38. fxe5 fxe5 39. Kc5 Rd3
40. Re1 Rxh3 41. Rxe5 g6 42. Kb5 Rb3+ 43. Ka5 Ra3+ 44. Kb5 Rb3+ 45. Ka5 Ra3+ 1/2-1/2

[Event "Isle of Man Open"]
[Site "Douglas"]
[Date "28.10.2018"]
[Round "9.18"]
[White "Howell, David W L"]
[Black "Tregubov, Pavel V."]
[Result "1-0"]
[WhiteTitle "GM"]
[BlackTitle "GM"]
[WhiteElo "2689"]
[BlackElo "2588"]
[WhiteFideId "410608"]
[BlackFideId "4115341"]
[EventDate "2018.10.20"]

1. Nf3 d5 2. c4 d4 3. b4 Bg4 4. Qb3 Bxf3 5. Qxf3 e5 6. Qxb7 Nd7 7. g3 Rb8 8.
Qxa7 Bxb4 9. Bg2 Ngf6 10. O-O O-O 11. d3 Re8 12. Bg5 Qc8 13. a3 Bc5 14. Qa5 e4
15. Bxf6 Ra8 16. Qb5 c6 17. Qb2 Nxf6 18. Nd2 Rb8 19. Nb3 e3 20. fxe3 Rxe3 21.
Qc2 Ba7 22. c5 Qe8 23. Bf3 Rd8 24. Qc4 Nd7 25. Bxc6 Rxe2 26. Kh1 Re6 27. Nxd4
Rxc6 28. Nxc6 1-0

[Event "Isle of Man Open"]
[Site "Douglas"]
[Date "28.10.2018"]
[Round "9.19"]
[White "Kovalev, Vladislav"]
[Black "Gupta, Abhijeet"]
[Result "1-0"]
[WhiteTitle "GM"]
[BlackTitle "GM"]
[WhiteElo "2664"]
[BlackElo "2588"]
[WhiteFideId "13504398"]
[BlackFideId "5010608"]
[EventDate "2018.10.20"]

1. e4 e6 2. d4 d5 3. Nd2 c5 4. Ngf3 cxd4 5. Nxd4 Nf6 6. exd5 Nxd5 7. Ne4 Be7 8.
Bc4 O-O 9. O-O Nd7 10. Qe2 Nc5 11. Rd1 a6 12. Nf5 exf5 13. Nxc5 Bxc5 14. Bxd5
Qb6 15. a4 Be6 16. a5 Qc7 17. Bxe6 Rae8 18. Bxf7+ Qxf7 19. Qd3 f4 20. Ra4 g5 21.
Re4 Rxe4 22. Qxe4 Re8 23. Qd3 Qe6 24. Bd2 Qe4 25. Qxe4 Rxe4 26. Re1 Rxe1+ 27.
Bxe1 g4 28. b4 Ba7 29. Bd2 f3 30. Be3 Bb8 31. h3 h5 32. hxg4 hxg4 33. gxf3 gxf3
34. Kf1 Be5 35. Ke1 Bc3+ 36. Bd2 Be5 37. Be3 Bc3+ 38. Bd2 Be5 39. c3 Kf7 40. Kd1
Ke6 41. Kc2 Kf5 42. Kd3 Bd6 43. c4 Be7 44. Bc3 Kf4 45. Be1 Bd8 46. Kd4 Bc7 47.
Kd5 Kf5 48. Bd2 Bg3 49. Be3 Be5 50. b5 Bc3 51. Bb6 Be1 52. Kd6 1-0

[Event "Isle of Man Open"]
[Site "Douglas"]
[Date "28.10.2018"]
[Round "9.21"]
[White "Sutovsky, Emil"]
[Black "Keymer, Vincent"]
[Result "1-0"]
[WhiteTitle "GM"]
[BlackTitle "IM"]
[WhiteElo "2633"]
[BlackElo "2491"]
[WhiteFideId "2802007"]
[BlackFideId "12940690"]
[EventDate "2018.10.20"]

1. e4 c5 2. Nf3 d6 3. d4 cxd4 4. Nxd4 Nf6 5. Nc3 a6 6. Bg5 e6 7. f4 h6 8. Bh4
Qb6 9. Qd2 Qxb2 10. Rb1 Qa3 11. e5 dxe5 12. fxe5 Nfd7 13. Ne4 Qxa2 14. Rd1 Qd5
15. Qe3 Qxe5 16. Be2 Bc5 17. Bg3 Qd5 18. c4 Bxd4 19. Rxd4 Qa5+ 20. Rd2 O-O 21.
Bd6 f5 22. Nc3 Nf6 23. Bxf8 Kxf8 24. O-O Nbd7 25. g4 Qe5 26. Qxe5 Nxe5 27. gxf5
exf5 28. Nd5 Bd7 29. Nb6 Re8 30. Nxd7+ Nexd7 31. Rxf5 Kg8 32. Bf3 Re1+ 33. Kg2
b6 34. Rd6 Kh7 35. Rf4 Rc1 36. Be2 Rc2 37. Kf1 Rc1+ 38. Kg2 Rc2 39. Kf1 Rc1+ 40.
Kf2 Rc2 41. Rfd4 Ne5 42. Rxb6 Nfg4+ 43. Ke1 Nxh2 44. Rb3 Rc1+ 45. Kd2 Rg1 46.
Re3 Rg2 47. Kc3 Nhg4 48. Bxg4 Nxg4 49. Re1 Nh2 50. Rf4 Rg5 51. Kd4 Ng4 52. c5
Nf6 53. c6 Rd5+ 54. Kc4 Rd8 55. Kc5 Kg8 56. Rd4 Rc8 57. Kb6 1-0

[Event "Isle of Man Open"]
[Site "Douglas"]
[Date "28.10.2018"]
[Round "9.22"]
[White "Ganguly, Surya Shekhar"]
[Black "Wagner, Dennis"]
[Result "1-0"]
[WhiteTitle "GM"]
[BlackTitle "GM"]
[WhiteElo "2622"]
[BlackElo "2572"]
[WhiteFideId "5002150"]
[BlackFideId "24650684"]
[EventDate "2018.10.20"]

1. c4 c5 2. Nf3 Nf6 3. Nc3 d5 4. cxd5 Nxd5 5. e3 e6 6. Qc2 Be7 7. b3 Nxc3 8.
dxc3 Qc7 9. Bb2 Nd7 10. Bd3 h6 11. O-O-O b6 12. Bc4 O-O 13. h4 Bb7 14. Ng5 Nf6
15. Bd3 Rfd8 16. c4 e5 17. f3 Kf8 18. Ne4 Nxe4 19. Bxe4 Bf6 20. Kb1 Bxe4 21.
Qxe4 Rxd1+ 22. Rxd1 Rd8 23. Rd5 Rxd5 24. cxd5 b5 25. Qh7 Ke7 26. g4 Qd8 27. Qe4
Qd6 28. f4 Bxh4 29. Bxe5 Qg6 30. f5 1-0

[Event "Isle of Man Open"]
[Site "Douglas"]
[Date "28.10.2018"]
[Round "9.23"]
[White "L'Ami, Erwin"]
[Black "Williams, Simon K"]
[Result "1-0"]
[WhiteTitle "GM"]
[BlackTitle "GM"]
[WhiteElo "2639"]
[BlackElo "2457"]
[WhiteFideId "1007998"]
[BlackFideId "404454"]
[EventDate "2018.10.20"]

1. e4 c5 2. Nf3 d6 3. d4 cxd4 4. Nxd4 Nf6 5. Nc3 g6 6. g3 Nc6 7. Nde2 Bg7 8. Bg2
Bd7 9. h3 Qc8 10. Nf4 h5 11. Ncd5 b5 12. Nxf6+ Bxf6 13. O-O g5 14. Nd5 Be5 15.
Bxg5 f6 16. Bh4 Bxh3 17. Nc7+ Qxc7 18. Bxh3 Bxb2 19. Rb1 Be5 20. Rxb5 Nd4 21.
Rd5 Qc3 22. f4 e6 23. fxe5 exd5 24. exd6 f5 25. Bxf5 Nxf5 26. Rxf5 Qe3+ 27. Kh2
Qxe4 28. d7+ Kxd7 29. Rxd5+ Kc6 30. Rd6+ Kb5 31. c4+ Qxc4 32. a4+ Ka5 33. Bg5
Rhb8 34. Bd2+ Rb4 35. Bxb4+ Qxb4 36. Qd5+ Qb5 37. Qxb5# 1-0

[Event "Isle of Man Open"]
[Site "Douglas"]
[Date "28.10.2018"]
[Round "9.24"]
[White "Vishnu Prasanna, V"]
[Black "Short, Nigel D"]
[Result "1-0"]
[WhiteTitle "GM"]
[BlackTitle "GM"]
[WhiteElo "2504"]
[BlackElo "2652"]
[WhiteFideId "5030692"]
[BlackFideId "400025"]
[EventDate "2018.10.20"]

1. d4 Nf6 2. c4 e6 3. Nc3 Bb4 4. e3 d5 5. a3 Bxc3+ 6. bxc3 O-O 7. Bd3 dxc4 8.
Bxc4 c5 9. Ne2 Qc7 10. Ba2 b6 11. O-O Ba6 12. Bb2 Nc6 13. Rc1 Na5 14. c4 Rfd8
15. d5 Qe7 16. Re1 Ne4 17. Ng3 Nxg3 18. hxg3 f6 19. e4 e5 20. f4 Re8 21. Rf1 Bc8
22. Qh5 Nb7 23. fxe5 fxe5 24. Rc2 Nd6 25. Rcf2 g6 26. Qh6 Bg4 27. Bb1 Rad8 28.
Bd3 Bc8 29. Bc1 Rd7 30. Rf6 Qg7 31. Qh4 Nf7 32. Bc2 g5 33. Qh5 Ree7 34. Ba4 Rd8
35. Rxf7 1-0

[Event "Isle of Man Open"]
[Site "Douglas"]
[Date "28.10.2018"]
[Round "9.25"]
[White "Meier, Georg"]
[Black "Darini, Pouria"]
[Result "1/2-1/2"]
[WhiteTitle "GM"]
[BlackTitle "GM"]
[WhiteElo "2639"]
[BlackElo "2475"]
[WhiteFideId "4675789"]
[BlackFideId "12502200"]
[EventDate "2018.10.20"]

1. Nf3 c5 2. c3 Nf6 3. d4 e6 4. Bf4 Nc6 5. e3 d5 6. Nbd2 Bd6 7. Bb5 O-O 8. O-O
Bxf4 9. exf4 Qb6 10. Bxc6 Qxc6 11. Ne5 Qb6 12. Qb3 cxd4 13. Qxb6 axb6 14. cxd4
Bd7 15. a3 Rfc8 16. Rac1 Bb5 17. Rfe1 Ne4 18. Nxe4 dxe4 19. h3 f6 20. Ng4 Rxc1
21. Rxc1 Rd8 22. Rc3 Rxd4 23. Rb3 Bc6 24. Rxb6 Rd1+ 25. Kh2 Rf1 26. Kg3 Rd1 27.
Kh2 Rf1 28. Kg3 h5 29. Ne3 h4+ 30. Kxh4 Rxf2 31. b4 Rb2 32. a4 Bxa4 33. Rxe6
Rxb4 34. f5 Rd4 35. Kg4 Bc6 36. h4 Kf7 37. h5 Rd2 38. Kg3 Rd3 39. Kf4 Rd2 40.
Kg3 Rd3 41. Kf4 Rd4 42. Kg4 Bd7 43. Rb6 Bc6 44. Kf4 Rd2 45. Rb1 Ke7 46. Rc1 Rd4
47. Rc2 Kd7 48. g4 Ke7 1/2-1/2

[Event "Isle of Man Open"]
[Site "Douglas"]
[Date "28.10.2018"]
[Round "9.26"]
[White "Shyam, Sundar M."]
[Black "Donchenko, Alexander"]
[Result "0-1"]
[WhiteTitle "GM"]
[BlackTitle "GM"]
[WhiteElo "2505"]
[BlackElo "2610"]
[WhiteFideId "5019141"]
[BlackFideId "24603295"]
[EventDate "2018.10.20"]

1. e4 c6 2. Nc3 d5 3. Nf3 dxe4 4. Nxe4 Nf6 5. Qe2 Nxe4 6. Qxe4 Nd7 7. Bc4 Nf6 8.
Qe2 Bf5 9. d3 e6 10. Bd2 Nd5 11. Ne5 h5 12. O-O Bd6 13. Bb3 Qc7 14. Rfe1 O-O-O
15. d4 f6 16. c4 Nb4 17. Nf3 Nd3 18. Red1 Nf4 19. Bxf4 Bxf4 20. Bc2 Bxc2 21.
Qxc2 g5 22. g3 g4 23. Nh4 Bg5 24. Qe4 Rhe8 25. Rd3 Bxh4 26. gxh4 f5 27. Qe2 e5
28. d5 e4 29. Ra3 f4 30. Rd1 Kb8 31. Qd2 cxd5 32. cxd5 Qd6 33. Qd4 a6 34. Rb3
Re5 35. Rb4 f3 36. Re1 e3 37. fxe3 f2+ 38. Kxf2 Rxd5 39. Qf4 Rf8 0-1

[Event "Isle of Man Open"]
[Site "Douglas"]
[Date "28.10.2018"]
[Round "9.27"]
[White "Swapnil, S. Dhopade"]
[Black "Svane, Rasmus"]
[Result "0-1"]
[WhiteTitle "GM"]
[BlackTitle "GM"]
[WhiteElo "2493"]
[BlackElo "2595"]
[WhiteFideId "5019184"]
[BlackFideId "4657101"]
[EventDate "2018.10.20"]

1. d4 e6 2. c4 Nf6 3. Nf3 d5 4. Nc3 dxc4 5. e4 b5 6. e5 Nd5 7. Nxb5 Nb6 8. g3
Bb7 9. Bg2 Be7 10. O-O O-O 11. Qc2 Nc6 12. Rd1 Rb8 13. Be3 Nb4 14. Qe2 Be4 15.
Ne1 Bg6 16. b3 cxb3 17. axb3 c6 18. Nc3 N4d5 19. Bd2 Nxc3 20. Bxc3 Nd5 21. Ba5
Qd7 22. Qc4 Qb7 23. Bd2 Rfc8 24. Ra5 Bf8 25. Rc1 h6 26. Nd3 Qxb3 27. Qxb3 Rxb3
28. Nc5 Bxc5 29. Raxc5 Rd3 30. Bxd5 Rxd2 31. Bf3 Rb8 32. Rxc6 Rbb2 33. Rc8+ Kh7
34. Ra8 Rxf2 35. Bc6 Rxh2 36. Rxa7 Rhd2 37. Rd7 Rb3 38. g4 Rg3+ 39. Kh1 Rxg4 40.
Rc4 Rh4+ 41. Kg1 Rg4+ 42. Kh1 h5 43. Bf3 Rf4 44. Bb7 Rf1# 0-1

[Event "Isle of Man Open"]
[Site "Douglas"]
[Date "28.10.2018"]
[Round "9.28"]
[White "Antipov, Mikhail Al."]
[Black "Bellaiche, Anthony"]
[Result "0-1"]
[WhiteTitle "GM"]
[BlackTitle "IM"]
[WhiteElo "2593"]
[BlackElo "2453"]
[WhiteFideId "4107012"]
[BlackFideId "615668"]
[EventDate "2018.10.20"]

1. e4 e5 2. Nf3 Nc6 3. Bb5 a6 4. Ba4 Nf6 5. O-O b5 6. Bb3 Be7 7. Re1 d6 8. c3
O-O 9. h3 Na5 10. Bc2 c5 11. d4 Qc7 12. a3 Bd7 13. Nbd2 cxd4 14. cxd4 g6 15. Bb1
Nh5 16. Ba2 Bf6 17. b4 Nc6 18. d5 Ne7 19. Nb3 Qb8 20. Na5 Nf4 21. Be3 g5 22. Qd2
Kh8 23. Rac1 Neg6 24. Rc6 Rg8 25. Rec1 Qf8 26. Nh2 Nh4 27. Rc7 Qe8 28. Nb7 Be7
29. R1c6 Rg6 30. g3 Bxh3 31. f3 g4 32. fxg4 Rxg4 33. Bxf4 Rxf4 34. gxf4 Qg8+ 35.
Kf2 Qg2+ 36. Ke3 Qg3+ 37. Ke2 Rg8 38. Kd1 Qg1+ 39. Qe1 Qxh2 40. Rc2 Qxf4 41. Rf2
Nf3 42. Rxe7 Bg4 43. Qe2 Rc8 44. Nc5 dxc5 45. d6 cxb4 46. Rc7 Rd8 47. Bxf7 Rxd6+
48. Bd5 bxa3 49. Qd3 a2 50. Rxa2 Nd4+ 51. Ke1 Rh6 0-1

[Event "Isle of Man Open"]
[Site "Douglas"]
[Date "28.10.2018"]
[Round "9.29"]
[White "Hess, Robert"]
[Black "Lubbe, Nikolas"]
[Result "1-0"]
[WhiteTitle "GM"]
[BlackTitle "IM"]
[WhiteElo "2574"]
[BlackElo "2447"]
[WhiteFideId "2022036"]
[BlackFideId "4694031"]
[EventDate "2018.10.20"]

1. c4 Nf6 2. Nc3 e6 3. e4 d5 4. e5 d4 5. exf6 dxc3 6. bxc3 Qxf6 7. d4 c5 8. Nf3
cxd4 9. Bg5 Qf5 10. cxd4 Bb4+ 11. Bd2 Nc6 12. Bxb4 Nxb4 13. Rb1 Nc2+ 14. Kd2 Na3
15. Rb3 Qa5+ 16. Ke3 b5 17. cxb5 a6 18. b6 e5 19. Nxe5 Bb7 20. Bd3 O-O 21. Qe1
Qa4 22. Qb4 Qe8 23. Kd2 Nb5 24. a4 Nxd4 25. Qxd4 Rd8 26. Qh4 h6 27. Re1 Qe6 28.
Nc4 Qd7 29. Nb2 Qd5 30. Rc3 Rd6 31. Nc4 Rf6 32. f3 Rd8 33. Qe4 Qg5+ 34. Qe3 1-0